01075nam a22002297a 450000500170000000800410001702000180005804000070007604100080008308200160009110000210010724500600012826000560018830000290024436500940027344000270036752003610039465000260075565000210078165000250080265000180082720260415164720.0260415b |||||||| |||| 00| 0 eng d a9789389691252 cAL aeng a511.6bBALS aV K Balakrishnan aSchaums outline of theory and problems of combinatorics aNew YorkbMcGraw Hill Education India Pvt Ltdc2020 aviii,200pbPBc28x20.5cm 2Infornation Science and EngineeringaVBI-2645b₹543.75c₹d₹725.00e25%f20-02-2026 aSchaums Outline Series aCombinatorics deals with the enumeration, existence, analysis, and optimization of discrete structures. With this study guide, students can master this growing field-withh applications in several physical and social sciences, including Chemistry, computer Science, operations research, and statistics. Includes hundreds of problems with detailed solutions. aCombinational Analyis aOutlines Syllabi aRecurrence Relations aCombinatorics